Fußballvereine von Luca Toni - Statistiken

Allgemein
  • Dieses Quiz wurde 31 mal gespielt
  • Das Durchschnittsergebnis liegt bei 5 aus 15
Antwortstatistiken
Spiele Tore Vorlagen Verein % Korrekt
89 58 25 FC Bayern München
100%
99 57 15 AC Florenz
86%
15 2 1 Juventus Turin
86%
100 51 13 Hellas Verona
64%
18 7 3 Genua CFC
54%
17 5 1 AS Rom
43%
83 51 14 US Palermo / Palermo FC
29%
50 16 3 Brescia Calcio
7%
3 1 0 FC Empoli
4%
11 3 3 Al-Nasr SC
0%
31 15 0 AS Lodigiani Calcio 1972
0%
33 9 5 LR Vicenza
0%
34 8 0 Modena FC
0%
39 16 0 Treviso FBC 1993
0%
26 2 0 US Fiorenzuola 1922
0%
Keine übereinstimmenden Quizze gefunden
Verteilung der Resultate
Anzahl Personen mit jedem Resultat
Perzentil nach korrekt beantworteten Fragen
Ihre Resultats-Entwicklung
Sie haben dieses Quiz noch nicht gespielt